Hľadanie vzorov v údajoch z počítačovej myši
Guardado en:
| Autor principal: | |
|---|---|
| Otros Autores: | |
| Formato: | Manuscrito Libro |
| Lenguaje: | eslovaco |
| Publicado: |
2016
|
| Materias: | |
| Acceso en línea: | http://is.stuba.sk/zp/portal_zp.pl?podrobnosti=106391 |
| Etiquetas: |
Sin Etiquetas, Sea el primero en etiquetar este registro!
|
MARC
| LEADER | 00000ntm a22000003a 4500 | ||
|---|---|---|---|
| 001 | stuzp59120 | ||
| 003 | SK-STU | ||
| 005 | 20160719155753.7 | ||
| 007 | ta | ||
| 008 | 150427s2015----xo-----f-mn---000-0-slo-d | ||
| 040 | |a STU |b slo | ||
| 041 | 0 | |a slo | |
| 100 | 1 | |a Gáspár, Matúš |u 070200 |4 aut |U FIIT Fakulta informatiky a informačných technológií |T FIIT Ústav informatiky, informačných systémov a softvérového inžinierstva |X 72085 |U I200 |Y 179 |7 72085 | |
| 242 | 0 | 1 | |a Patterns Searching in Computer Mouse Data |y eng |
| 245 | 1 | 0 | |a Hľadanie vzorov v údajoch z počítačovej myši |
| 260 | |c 2016 | ||
| 650 | 4 | |a počítačová myš |2 slo | |
| 650 | 4 | |a špecifický vzor |2 slo | |
| 650 | 4 | |a identifikácia používateľa |2 slo | |
| 650 | 4 | |a computer mouse |2 eng | |
| 650 | 4 | |a specific pattern |2 eng | |
| 650 | 4 | |a user identification |2 eng | |
| 700 | 1 | |a Krátky, Peter |u 070200 |k Z3 |4 ths |U FIIT Fakulta informatiky a informačných technológií |T FIIT Ústav informatiky, informačných systémov a softvérového inžinierstva |X 56202 |U I200 |Y 179 |7 56202 | |
| 856 | 4 | |u http://is.stuba.sk/zp/portal_zp.pl?podrobnosti=106391 | |
| 996 | |b 8114 |c I* BAP 95/2016 |l II680 |s P |a 0 |w stuzp59120_0001 | ||
| SQL | |a stuzp59120 |b DBP |c SLO |d Hľadanie vzorov v údajoch z počítačovej myši |e 72085 |f Gáspár, Matúš |g 070200 |h 56202 |i Krátky, Peter |j 20160620 |k 202 |l 07 |m http://is.stuba.sk/zp/portal_zp.pl?podrobnosti=106391 |n B-INFO |o 9.2.1. informatika | ||